000 01259cam a2200253 4500
001 ABS65611
008 020701n2002 000 0 eng u
035 _a(Sirsi) u118606
100 _aDavison, P.
245 _aGetting the message
260 _c2002
490 _aSurveyor
_v 16 May 2002, 14-15(2)
520 _aHighlights the findings of a survey undertaken for the Department of Transport Local Government and the Regions. This illustrates the barriers that many local authorities face in attempting to curb types of very poor air quality periods. The charging and local transport division of the DTLR commissioned the study as part of its TRAMAQ research programme which seeks to provide local authorities with guidance so that there can be an assessment of the effects of traffic management on air quality. Considers strategies for information providers when they are developing certain aspects in designing their traveller information strategies.
590 _aABS
650 _aTRAFFIC MANAGEMENT
650 _aTRAFFIC CONTROL
650 _aDTLR
650 _aTRAMAQ
650 _aAIR QUALITY
650 _aURBAN AREAS
690 _aENVIRONMENTAL AND LAND CONSULTANCY-ENVIRONMENTAL MANAGEMENT
700 _aSmith, N.
942 _n0
999 _c70627
_d70627